书目信息 |
| 题名: |
摄影测量基础
|
|
| 作者: | 朱凌 编著 | |
| 分册: | ||
| 出版信息: | 北京 测绘出版社 2018.06 |
|
| 页数: | 137页 | |
| 开本: | 26cm | |
| 丛书名: | ||
| 单 册: | ||
| 中图分类: | P23 | |
| 科图分类: | ||
| 主题词: | 摄影测量法--she ying ce liang fa--教材 | |
| 电子资源: | ||
| ISBN: | 978-7-5030-4139-6 | |
| 000 | 00961nam0 2200265 450 | |
| 001 | 94878 | |
| 005 | 20250821075610.36 | |
| 010 | @a978-7-5030-4139-6@dCNY28.00 | |
| 100 | @a20181121d2018 em y0chiy50 ea | |
| 101 | 0 | @achi |
| 102 | @aCN@b110000 | |
| 105 | @aak a 000yy | |
| 106 | @ar | |
| 200 | 1 | @a摄影测量基础@Ashe ying ce liang ji chu@d= Fundamentals of photogrammetry@f朱凌编著@zeng |
| 210 | @a北京@c测绘出版社@d2018.06 | |
| 215 | @a137页@c图@d26cm | |
| 300 | @a遥感科学与技术教材 | |
| 320 | @a有书目 | |
| 330 | @a本书是作者二十余年从事测绘工程和遥感科学与技术本科专业“摄影测量基础”课程教学工作的总结。主要内容包括绪论、单张像片解析、立体摄影测量基础、双像解析摄影测量、解析空中三角测量、摄影测量基础实验等部分。 | |
| 510 | 1 | @aFundamentals of photogrammetry@zeng |
| 606 | 0 | @a摄影测量法@Ashe ying ce liang fa@j教材 |
| 690 | @aP23@v5 | |
| 701 | 0 | @a朱凌@Azhu ling@4编著 |
| 801 | 0 | @aCN@c20250909 |
| 905 | @a河南城建学院图书馆@dP23@eZ852 | |
| 摄影测量基础= Fundamentals of photogrammetry/朱凌编著.-北京:测绘出版社,2018.06 |
| 137页:图;26cm |
| 遥感科学与技术教材 |
| ISBN 978-7-5030-4139-6:CNY28.00 |
| 本书是作者二十余年从事测绘工程和遥感科学与技术本科专业“摄影测量基础”课程教学工作的总结。主要内容包括绪论、单张像片解析、立体摄影测量基础、双像解析摄影测量、解析空中三角测量、摄影测量基础实验等部分。 |
| ● |
| 相关链接 |
|
|
|
正题名:摄影测量基础
索取号:P23/Z852
 
预约/预借
| 序号 | 登录号 | 条形码 | 馆藏地/架位号 | 状态 | 备注 |
| 1 | 1630499 | 216304997 | 自科库401/401自科库 123排2列3层/ [索取号:P23/Z852] | 在馆 |